000 00284nam a22001217a 4500
008 260421b ||||| |||| 00| 0 eng d
041 _aShqip
080 _a0.1
100 _a40
101 _aGjuhe dhe leteresi
245 _aShkulësit e Përjetshëm
_cArif Demolli
942 _2udc
_cBK
999 _c60986
_d60986